Living by faith: (Record no. 5690)

000 -LEADER
fixed length control field 00566nam a2200181 a 4500
001 - CONTROL NUMBER
control field :::00003432$&:&@@
003 - CONTROL NUMBER IDENTIFIER
control field OkBaRHE
005 - DATE AND TIME OF LATEST TRANSACTION
control field 20000607103305.0
008 - FIXED-LENGTH DATA ELEMENTS--GENERAL INFORMATION
fixed length control field s1984 j 000 0 eng u
040 ## - CATALOGING SOURCE
Transcribing agency
100 1# - MAIN ENTRY--PERSONAL NAME
Personal name Larson, Muriel.
245 10 - TITLE STATEMENT
Title Living by faith:
Remainder of title a study of Romans 1-14.
260 ## - PUBLICATION, DISTRIBUTION, ETC. (IMPRINT)
Place of publication, distribution, etc Lynnwood, WA., :
Name of publisher, distributor, etc Aglow Publications
Date of publication, distribution, etc c1984
300 ## - PHYSICAL DESCRIPTION
Extent 64 p. ;
Dimensions 21 cm.
650 ## - SUBJECT ADDED ENTRY--TOPICAL TERM
Topical term or geographic name as entry element Bible New Testament Romans 1-14
General subdivision Study
942 ## - ADDED ENTRY ELEMENTS (KOHA)
Source of classification or shelving scheme
Koha item type Books
Copies
Date acquired Barcode Not for loan Shelving location Source of classification or shelving scheme Copy number Koha item type Current Location Withdrawn status Damaged status Permanent Location Lost status Date last seen Price effective from Full call number
2010-04-143432 General Stacks 1BooksRHEMA Bible Training College  RHEMA Bible Training College 2018-03-152010-04-14BS 2665 .L3